Patología quirúrgica / (Record no. 4094)
[ view plain ]
| 000 -LEADER | |
|---|---|
| fixed length control field | 00446nam a22001577a 4500 |
| 008 - FIXED-LENGTH DATA ELEMENTS--GENERAL INFORMATION | |
| fixed length control field | 180208b xxu||||| |||| 00| 0 spa d |
| 020 ## - INTERNATIONAL STANDARD BOOK NUMBER | |
| International Standard Book Number | 84-7021-040-8 |
| 082 14 - DEWEY DECIMAL CLASSIFICATION NUMBER | |
| Edition number | 14 |
| Classification number | 617.07 |
| 100 1# - MAIN ENTRY--PERSONAL NAME | |
| 9 (RLIN) | 5230 |
| Personal name | Michans, Juan R. |
| 245 10 - TITLE STATEMENT | |
| Title | Patología quirúrgica / |
| Statement of responsibility, etc | Juan R. Michans |
| 250 ## - EDITION STATEMENT | |
| Edition statement | 3a. reimpr. |
| 260 ## - PUBLICATION, DISTRIBUTION, ETC. (IMPRINT) | |
| Place of publication, distribution, etc | Barcelona : |
| Name of publisher, distributor, etc | El Ateneo, |
| Date of publication, distribution, etc | 1981 |
| 300 ## - PHYSICAL DESCRIPTION | |
| Extent | 2 tomos en 3 vols. |
| 650 #0 - SUBJECT ADDED ENTRY--TOPICAL TERM | |
| Source of heading or term | decs |
| 9 (RLIN) | 5231 |
| Topical term or geographic name as entry element | PATOLOGIA QUIRURGICA |
| 942 ## - ADDED ENTRY ELEMENTS (KOHA) | |
| Source of classification or shelving scheme | Dewey Decimal Classification |
| Item type | Libro, folleto, traducción |
| 980 ## - EQUIVALENCE OR CROSS-REFERENCE-SERIES STATEMENT--PERSONAL NAME/TITLE [LOCAL, CANADA] | |
| Field link and sequence number | 1943 |
| Miscellaneous information | VALERIA BEATRIZ DOMÍNGUEZ |
| Withdrawn status | Lost status | Source of classification or shelving scheme | Damaged status | Not for loan | Home library | Current library | Date acquired | Source of acquisition | Full call number | Barcode | Date last seen | Price effective from | Koha item type | Copy number | Total Checkouts | Total Renewals | Date last borrowed |
|---|---|---|---|---|---|---|---|---|---|---|---|---|---|---|---|---|---|
| Dewey Decimal Classification | Biblioteca Central | Biblioteca Central | 24/07/2018 | Donación | 617.07 MIC 3a.ed. v.1 | UNAJ18070179 | 17/03/2025 | 24/07/2018 | Libro, folleto, traducción | ||||||||
| Dewey Decimal Classification | Biblioteca Central | Biblioteca Central | 24/07/2018 | Donación | 617.07 MIC 3a ed. v 1.2 | UNAJ18070180 | 17/03/2025 | 24/07/2018 | Libro, folleto, traducción | 1 | |||||||
| Dewey Decimal Classification | Biblioteca Central | Biblioteca Central | 24/07/2018 | Donación | 617.07 MIC 3a ed. v.2 | UNAJ18070181 | 16/10/2025 | 24/07/2018 | Libro, folleto, traducción | 1 | 6 | 11 | 11/09/2025 |